000 00884cam a2200241 i 4500
003 SA-RiAUC
005 20251106085606.0
008 251105s1979 su g 000 0 ara c
040 _aSA-JeALM
_bara
_cSA-RiAUC
_erda
082 0 4 _a214.305242
090 _a214.305242
_bج م ا
100 1 _aجمال، أحمد محمد صالح،
_d1343-1413 هجري
_eمؤلف.
245 1 2 _aالشباب :
_bدراسات ولقاءات /
_cتأليف أحمد محمد جمال.
264 1 _aجدة :
_bمطابع الروضة ،
_c1979
300 _a131 صفحة.
_c18 سم .
336 _aنص
_btxt
_2rdacontent
_3كتاب
337 _aبدون وسيط
_bn
_2rdamedia
490 1 _aالمكتبة الصغيرة
_v31
650 7 _aالإسلام والشباب
_2aucsh
830 2 _aالمكتبة الصغيرة
_v31
942 _2ddc
_cBOOK
_n0
949 _aSA-JeALM
_d251105
_uosman123
_n1
999 _c13058
_d13058